00721nam a2200241 a 450000100060000000300080000600500170001400800410003102000150007203500190008704000320010604100080013808200250014610000230017124500680019425000120026226000370027430000360031150400420034765000300038965000330041970000270045229297BD-RjUL20211209051409.0140403s1989 nyua b 001 0 eng  a0393956962 a(BD-RjUL)29382 aDLCcDLCdDLCdBD-RjULbeng aeng00a616.89219bROA 19891 aRosenhan, David L.10aAbnormal psychology /cDavid L. Rosenhan, Martin E.P. Seligman. a2nd ed. aNew York :bW.W. Norton,cc1989. axxiii, 766 p. :bill. ;c27 cm. aBibliography: p. 698-734.and indexes. 0aPsychology, Pathological. 0aPsychotherapyxCase studies.1 aSeligman, Martin E. P.